[Event "12sen.WM-H Naumburg"]
[Site "Naumburg/Saale(20.10.-03.11.)"]
[Date "2002.11.01"]
[Round "10"]
[White "Ehlert, Joachim"]
[Black "Barlo, Werner"]
[Result "1-0"]
[WhiteElo "1856"]
[BlackElo "1675"]
[PlyCount "103"]
[EventDate "2002.11.??"]

1. e4 c5 2. Nf3 a6 3. c3 d6 4. d4 cxd4 5. cxd4 Nf6 6. Nc3 e6 7. Bd3 Be7 8. O-O
O-O 9. Qe2 Nc6 10. Rd1 Qc7 11. Bg5 e5 12. Rac1 exd4 13. Nd5 Qd8 14. Nxe7+ Qxe7
15. Bb1 Bg4 16. h3 Bxf3 17. Qxf3 Ne5 18. Qf5 Qe6 19. Rxd4 Rfc8 20. Qxe6 fxe6
21. Rcd1 Ne8 22. a3 h6 23. Be3 Kf7 24. f4 Nc6 25. R4d3 Na5 26. b3 Rc6 27. Bd2
b6 28. g4 Nb7 29. b4 Rd8 30. Ba2 Ke7 31. Be1 Kf8 32. f5 e5 33. Bd5 Rc7 34. Bf2
Re7 35. Bxb6 Rc8 36. Bf2 Rc2 37. Bb3 Re2 38. Kf1 Rb2 39. Rc1 Nf6 40. Bh4 a5 41.
Rdc3 Rxb3 42. Bxf6 gxf6 43. Rxb3 axb4 44. axb4 Nd8 45. Rc8 Rd7 46. Ra3 d5 47.
exd5 Rxd5 48. Raa8 Ke7 49. b5 Nb7 50. Ra7 Rxb5 51. Rc7+ Kd6 52. Rcxb7 1-0

[Event "12sen.WM-H Naumburg"]
[Site "Naumburg/Saale(20.10.-03.11.)"]
[Date "2002.11.01"]
[Round "10"]
[White "Eidam, Horst"]
[Black "Schneider, Siegfried[42Wilk]"]
[Result "1-0"]
[WhiteElo "1862"]
[BlackElo "1676"]
[PlyCount "103"]
[EventDate "2002.11.??"]

1. c4 Nf6 2. Nc3 d5 3. cxd5 Nxd5 4. g3 Nxc3 5. bxc3 e5 6. Bg2 c6 7. Nf3 Bd6 8.
d3 O-O 9. O-O Bg4 10. Qb3 Qc7 11. h3 Bh5 12. e4 Nd7 13. Be3 Nc5 14. Qc2 Ne6 15.
g4 Bg6 16. Nh4 Nf4 17. Rab1 Nxg2 18. Kxg2 b6 19. a4 Be7 20. Nxg6 hxg6 21. c4 f5
22. c5 Bxc5 23. Bxc5 bxc5 24. Qxc5 fxg4 25. hxg4 Qf7 26. Qc4 Qxc4 27. dxc4 Rab8
28. Rfd1 Rxb1 29. Rxb1 Rf7 30. Rb8+ Rf8 31. Rb4 Rf7 32. g5 Rd7 33. Rb8+ Kf7 34.
Rc8 Rd4 35. Rxc6 Rxe4 36. f3 Re2+ 37. Kg3 Rc2 38. a5 Rc3 39. Kf2 Kg8 40. a6 Kh7
41. Rc7 Rc1 42. Ke3 Rc3+ 43. Ke4 Kg8 44. Kxe5 Rxf3 45. Rxa7 Rf5+ 46. Kd6 Rxg5
47. Rb7 Ra5 48. a7 Kh7 49. c5 Ra1 50. c6 g5 51. c7 Rd1+ 52. Ke5 1-0

[Event "12sen.WM-H Naumburg"]
[Site "Naumburg/Saale(20.10.-03.11.)"]
[Date "2002.11.01"]
[Round "10"]
[White "Eidelmann, Vova"]
[Black "Frauenfelder, Rudolf"]
[Result "0-1"]
[WhiteElo "1845"]
[BlackElo "2151"]
[PlyCount "88"]
[EventDate "2002.11.??"]

1. d4 Nf6 2. c4 e6 3. Nf3 Bb4+ 4. Bd2 Bxd2+ 5. Nbxd2 d6 6. e3 O-O 7. Bd3 Nc6 8.
a3 a5 9. O-O Bd7 10. Rc1 Qe7 11. Re1 Rfc8 12. Nf1 e5 13. d5 Nb8 14. Bb1 a4 15.
Ng3 Na6 16. Ng5 Nc5 17. N3e4 Nfxe4 18. Nxe4 Nb3 19. Rc3 f5 20. Ng3 g6 21. Ne2
b6 22. Nc1 Nc5 23. Nd3 Ne4 24. Rc1 Rf8 25. Ba2 Kg7 26. f3 Nf6 27. Bb1 h6 28.
Bc2 Ra5 29. Qd2 Rfa8 30. Nf2 Bc8 31. Nd1 Nd7 32. g4 fxg4 33. fxg4 Nc5 34. Qg2
Bd7 35. Nf2 Rf8 36. Ne4 Nxe4 37. Qxe4 Qg5 38. Bd1 Raa8 39. Kh1 Rf2 40. Bf3 Rf8
41. Bg2 Bxg4 42. Rg1 Bf5 43. Bf3 Bxe4 44. Bxe4 Qh4 0-1

[Event "12sen.WM-H Naumburg"]
[Site "Naumburg/Saale(20.10.-03.11.)"]
[Date "2002.11.01"]
[Round "10"]
[White "Fiedler, Eduard"]
[Black "Glaser, Heinz_Alfred"]
[Result "1-0"]
[WhiteElo "1597"]
[BlackElo "1680"]
[PlyCount "47"]
[EventDate "2002.11.??"]

1. e4 e6 2. d4 d5 3. Nd2 c5 4. c3 cxd4 5. cxd4 Nc6 6. Ngf3 Bd7 7. e5 Bb4 8. a3
Ba5 9. b4 Bb6 10. Nb3 Nge7 11. Bd3 Ng6 12. h4 f6 13. h5 Nge7 14. h6 g6 15. exf6
Ng8 16. f7+ Kxf7 17. Ng5+ Ke8 18. Nxh7 Nge7 19. Nf6+ Kf7 20. Nxd7 Qxd7 21. Qf3+
Kg8 22. Qf6 Rh7 23. Bxg6 Rf8 24. Bxh7+ 1-0

[Event "12sen.WM-H Naumburg"]
[Site "Naumburg/Saale(20.10.-03.11.)"]
[Date "2002.11.01"]
[Round "10"]
[White "Filzmaier, Bruno"]
[Black "Zierott, Gert_ProfDr"]
[Result "0-1"]
[WhiteElo "2012"]
[BlackElo "1740"]
[PlyCount "72"]
[EventDate "2002.11.??"]

1. a3 d5 2. e3 Nf6 3. d4 Bf5 4. Nf3 e6 5. Nbd2 Be7 6. b4 a6 7. c4 c6 8. Bb2
Nbd7 9. Be2 O-O 10. O-O h6 11. Qb3 Bg4 12. h3 Bh5 13. Rfe1 Re8 14. Bd3 Bxf3 15.
Nxf3 Bd6 16. c5 Bc7 17. a4 e5 18. dxe5 Nxe5 19. Nxe5 Bxe5 20. b5 Bxb2 21. Qxb2
axb5 22. axb5 Qe7 23. Rxa8 Rxa8 24. Ra1 Qe8 25. Rxa8 Qxa8 26. b6 Nd7 27. Bf5
Nxc5 28. Qe5 Na6 29. Qe7 Nc5 30. g3 Qf8 31. Qc7 g6 32. Bc8 Nd3 33. Bxb7 Qb4 34.
Ba6 Qe1+ 35. Kg2 Qxf2+ 36. Kh1 Ne1 0-1

[Event "12sen.WM-H Naumburg"]
[Site "Naumburg/Saale(20.10.-03.11.)"]
[Date "2002.11.01"]
[Round "10"]
[White "Flores_Escuin, Sadurni"]
[Black "Goy, Udo"]
[Result "0-1"]
[WhiteElo "2082"]
[BlackElo "2193"]
[PlyCount "82"]
[EventDate "2002.11.??"]

1. e4 e6 2. d4 d5 3. Nc3 Nf6 4. Bg5 Be7 5. e5 Nfd7 6. Bxe7 Qxe7 7. f4 O-O 8.
Nf3 c5 9. Bd3 f6 10. O-O Nc6 11. exf6 Nxf6 12. dxc5 Qxc5+ 13. Kh1 Bd7 14. Ne5
Be8 15. Qf3 Nb4 16. Rae1 Rd8 17. Qh3 Qb6 18. a3 Nxd3 19. Nxd3 Rd6 20. b4 Bg6
21. Nc5 Bf5 22. N3a4 Qc6 23. Qb3 b6 24. b5 Qc7 25. Nd3 Rc8 26. Nab2 Rdd8 27.
Rc1 Qc3 28. Qxc3 Rxc3 29. a4 Rdc8 30. Nb4 R8c7 31. Nc6 Rxc2 32. Rxc2 Bxc2 33.
Rc1 Be4 34. Kg1 Kf8 35. h3 Ng8 36. Nd1 Ne7 37. Nf2 Bf5 38. Ng4 Bxg4 39. hxg4
Nxc6 40. f5 exf5 41. gxf5 Ke7 0-1

[Event "12sen.WM-H Naumburg"]
[Site "Naumburg/Saale(20.10.-03.11.)"]
[Date "2002.11.01"]
[Round "10"]
[White "Fotland, Hans_Christian"]
[Black "Potthammel, Joerg"]
[Result "1-0"]
[WhiteElo "1819"]
[BlackElo "2111"]
[PlyCount "61"]
[EventDate "2002.11.??"]

1. d4 Nf6 2. c4 e6 3. Nc3 Bb4 4. Qc2 c5 5. dxc5 Bxc5 6. Nf3 Nc6 7. Bg5 h6 8.
Bh4 b6 9. a3 Bb7 10. Rd1 Be7 11. e4 O-O 12. Be2 Nh5 13. Bg3 Nxg3 14. hxg3 a6
15. Qd3 d6 16. Qe3 Bf6 17. Rh5 Qe7 18. g4 Ne5 19. Nd2 Nc6 20. f4 Nd4 21. Qh3
Nc2+ 22. Kf1 Bd4 23. Rc1 Ne3+ 24. Ke1 Qf6 25. g3 g6 26. Rxh6 Qg7 27. g5 f5 28.
Nb3 Bxc3+ 29. Rxc3 Bxe4 30. Rxe3 Qxb2 31. Rxg6+ 1-0

[Event "12sen.WM-H Naumburg"]
[Site "Naumburg/Saale(20.10.-03.11.)"]
[Date "2002.11.01"]
[Round "10"]
[White "Franz, Siegfried"]
[Black "Kovacs, Les"]
[Result "0-1"]
[WhiteElo "1794"]
[BlackElo "1600"]
[PlyCount "78"]
[EventDate "2002.11.??"]

1. e4 d5 2. exd5 Nf6 3. c4 c6 4. dxc6 Nxc6 5. Nf3 e5 6. Nc3 Bc5 7. Be2 O-O 8.
O-O a6 9. d3 h6 10. b3 Bf5 11. Bb2 Nb4 12. Na4 Bd4 13. Nxd4 exd4 14. Ba3 a5 15.
Qd2 Re8 16. Bxb4 axb4 17. Bf3 Ra7 18. Rfe1 b6 19. Rxe8+ Nxe8 20. Re1 Nf6 21. h3
Qd6 22. g4 Bd7 23. g5 hxg5 24. Bd1 Bxh3 25. Qxg5 Re7 26. Rxe7 Qxe7 27. Qg3 Bf5
28. Kf1 Qe6 29. Kg2 g6 30. Qb8+ Kg7 31. Qxb6 Qe1 32. Bf3 Bxd3 33. Qxd4 Qf1+ 34.
Kh2 Bf5 35. Bg2 Qe2 36. Nb2 Qc2 37. c5 Qc3 38. Qc4 Qxb2 39. Qxb4 Qxf2 0-1

[Event "12sen.WM-H Naumburg"]
[Site "Naumburg/Saale(20.10.-03.11.)"]
[Date "2002.11.01"]
[Round "10"]
[White "Fries, Karl_Heinz"]
[Black "Lundberg, Gunnar"]
[Result "0-1"]
[WhiteElo "1727"]
[BlackElo "1972"]
[PlyCount "122"]
[EventDate "2002.11.??"]

1. e4 e5 2. Nf3 Nc6 3. Bb5 a6 4. Ba4 Nf6 5. d3 b5 6. Bb3 Be7 7. c3 O-O 8. Qe2
d5 9. h3 Bb7 10. Bg5 dxe4 11. dxe4 Re8 12. Nbd2 Nd7 13. h4 Na5 14. Bxe7 Qxe7
15. Ng5 Nxb3 16. axb3 h6 17. Ngf3 Rad8 18. g4 Nc5 19. O-O-O Nd3+ 20. Kc2 Nf4
21. Qf1 Bc8 22. Rg1 c6 23. Nb1 a5 24. Rxd8 Rxd8 25. Nfd2 Qxh4 26. f3 Qg5 27.
Rh1 Be6 28. Qf2 Qe7 29. Rh2 Qd6 30. Qf1 b4 31. Rh1 c5 32. Nc4 Bxc4 33. Qxc4 Kf8
34. Qf1 Qc6 35. Rh2 a4 36. Qc4 Rb8 37. bxa4 Qxa4+ 38. Qb3 Qxb3+ 39. Kxb3 Ke7
40. c4 Ne6 41. Nd2 Nd4+ 42. Ka2 b3+ 43. Kb1 Rd8 44. Rf2 Ke6 45. Rf1 Kf6 46. Rc1
Kg5 47. Rc3 Rb8 48. Rd3 Rb7 49. Kc1 g6 50. Kd1 Kf4 51. Ke1 h5 52. gxh5 gxh5 53.
Kf2 f6 54. Kg2 Rg7+ 55. Kh2 Rg3 56. Nxb3 Nxf3+ 57. Rxf3+ Rxf3 58. Nxc5 Rf2+ 59.
Kh3 Rc2 60. b3 f5 61. exf5 Kxf5 0-1

[Event "12sen.WM-H Naumburg"]
[Site "Naumburg/Saale(20.10.-03.11.)"]
[Date "2002.11.01"]
[Round "10"]
[White "Fronczek, Heinrich"]
[Black "Chernikov, Oleg_L"]
[Result "0-1"]
[WhiteElo "2272"]
[BlackElo "2464"]
[PlyCount "102"]
[EventDate "2002.11.??"]

1. d4 g6 2. c4 d6 3. Nc3 Bg7 4. e4 e5 5. d5 f5 6. exf5 gxf5 7. Qh5+ Kf8 8. Bg5
Qe8 9. Qe2 Qg6 10. h4 Na6 11. Nh3 Nf6 12. g3 Bd7 13. O-O-O Nc5 14. Bg2 h6 15.
Be3 b6 16. Rhg1 a6 17. Bf3 Ng4 18. Bxc5 bxc5 19. Rge1 h5 20. Qc2 Rb8 21. Bg2
Nf6 22. Ng5 Bh6 23. f4 e4 24. Rd2 Kg7 25. Nd1 Ng4 26. Ne3 Nxe3 27. Rxe3 Rhe8
28. Bf1 Kf6 29. Be2 Bg7 30. Qd1 Rh8 31. Ra3 Rb6 32. Rc2 Ke7 33. Ra5 Qf6 34. Qd2
Rhb8 35. Qc3 Qg6 36. Qa3 Qf6 37. Qc3 Qg6 38. Qa3 Rxb2 39. Rxb2 Bxb2+ 40. Qxb2
Rxb2 41. Kxb2 Qf6+ 42. Kc2 Qa1 43. Rxa6 Qe1 44. Bxh5 Qf2+ 45. Kb1 Qxg3 46. Ra8
Qxh4 47. Rh8 Qxf4 48. Ne6 Bxe6 49. Re8+ Kf6 50. dxe6 Qf1+ 51. Kb2 Qg2+ 0-1

[Event "12sen.WM-H Naumburg"]
[Site "Naumburg/Saale(20.10.-03.11.)"]
[Date "2002.11.01"]
[Round "10"]
[White "Giering, Helmut"]
[Black "Nopp, Josef"]
[Result "1-0"]
[WhiteElo "1714"]
[BlackElo "1579"]
[PlyCount "115"]
[EventDate "2002.11.??"]

1. Nf3 Nf6 2. g3 e6 3. Bg2 d5 4. d4 Be7 5. O-O O-O 6. b3 Nbd7 7. Nbd2 b6 8. Bb2
Bb7 9. c4 Rc8 10. Rc1 c6 11. Rc2 a5 12. a4 Nb8 13. Ne5 Na6 14. Nd3 Nd7 15. Qa1
Re8 16. Rfc1 Bd6 17. e4 dxe4 18. Nxe4 Bf8 19. c5 bxc5 20. dxc5 f6 21. Ba3 f5
22. Nd6 Bxd6 23. cxd6 Qb6 24. Qc3 Red8 25. Bb2 Nf6 26. Ne5 Rxd6 27. Nc4 Qd8 28.
Nxd6 Qxd6 29. Qe5 Qxe5 30. Bxe5 Nd5 31. Bxd5 exd5 32. Bc3 Nb4 33. Re2 Kf7 34.
Rce1 Rc7 35. Bd4 Ba6 36. Rd2 c5 37. Bc3 d4 38. Bxb4 axb4 39. Re5 Kf6 40. f4 g6
41. Kf2 d3 42. Ke3 c4 43. bxc4 Bxc4 44. Rb2 b3 45. Kd2 g5 46. Re1 Ra7 47. Ra1
gxf4 48. gxf4 Rg7 49. Kc3 Rc7 50. a5 Bd5+ 51. Kxd3 Be4+ 52. Kd2 Bc2 53. a6 Ra7
54. Rxc2 bxc2 55. Kxc2 Ke6 56. Kd3 Kd6 57. Ra5 Ke6 58. Kc4 1-0

[Event "12sen.WM-H Naumburg"]
[Site "Naumburg/Saale(20.10.-03.11.)"]
[Date "2002.11.01"]
[Round "10"]
[White "Glende, Siegfried"]
[Black "Weber, Siegfried[27Fech]"]
[Result "1-0"]
[WhiteElo "1708"]
[BlackElo "1588"]
[PlyCount "57"]
[EventDate "2002.11.??"]

1. e4 c5 2. d3 Nc6 3. Nf3 g6 4. g3 Bg7 5. Bg2 d6 6. O-O Nf6 7. Nbd2 O-O 8. Re1
Qc7 9. Nf1 Bd7 10. h3 Rad8 11. Rb1 a6 12. g4 h5 13. g5 Ne8 14. Ne3 e6 15. c3
Qc8 16. Kh1 b5 17. Rf1 Nc7 18. Ng1 e5 19. Nd5 Be6 20. c4 Bxd5 21. exd5 Nd4 22.
Nf3 Nxf3 23. Qxf3 f5 24. gxf6 Bxf6 25. Qe4 Qf5 26. Rg1 Kh7 27. Qe3 Bg7 28. Be4
Qxh3+ 29. Qxh3 1-0

[Event "12sen.WM-H Naumburg"]
[Site "Naumburg/Saale(20.10.-03.11.)"]
[Date "2002.11.01"]
[Round "10"]
[White "Gudat, Alfons"]
[Black "Schuler, Georg"]
[Result "1-0"]
[WhiteElo "2054"]
[BlackElo "2148"]
[PlyCount "93"]
[EventDate "2002.11.??"]

1. Nf3 Nf6 2. d4 d5 3. c4 e6 4. Nc3 c6 5. e3 Be7 6. Qc2 Nbd7 7. Be2 dxc4 8.
Bxc4 h6 9. O-O O-O 10. e4 Nb6 11. Bd3 c5 12. dxc5 Bxc5 13. e5 Nfd7 14. Ne4 Be7
15. a3 Nd5 16. b4 N7b6 17. Rd1 Bd7 18. Bb2 Ba4 19. Qd2 Bxd1 20. Rxd1 Rc8 21.
Bd4 Qd7 22. Nf6+ Bxf6 23. exf6 Nxf6 24. Bxf6 Nd5 25. Bb2 Qa4 26. g3 Rc6 27. Ne5
Rc7 28. Rc1 Rfc8 29. Rxc7 Rxc7 30. Bc4 Qe8 31. Qe2 Qc8 32. Bd3 a6 33. Nc4 b5
34. Nd6 Qd7 35. Ne4 Qc8 36. Nc5 Rc6 37. Qg4 g5 38. Qe4 Kf8 39. Qh7 Ke7 40. Qxh6
Qg8 41. Be4 Rd6 42. Be5 f6 43. Bxd6+ Kxd6 44. Bxd5 Kxd5 45. Qxf6 a5 46. Qf3+
Kd6 47. Qd3+ 1-0

[Event "12sen.WM-H Naumburg"]
[Site "Naumburg/Saale(20.10.-03.11.)"]
[Date "2002.11.01"]
[Round "10"]
[White "Hamm, Georg"]
[Black "Kristiansen, Erling"]
[Result "1/2-1/2"]
[WhiteElo "2078"]
[BlackElo "2257"]
[PlyCount "51"]
[EventDate "2002.11.??"]

1. Nf3 Nf6 2. b3 g6 3. Bb2 Bg7 4. c4 O-O 5. g3 d6 6. Bg2 Nc6 7. O-O e5 8. d3
Nh5 9. Nc3 f5 10. Rb1 f4 11. Ne4 Bf5 12. Qd2 Qd7 13. Rfd1 Bh3 14. Rf1 Bxg2 15.
Kxg2 Rad8 16. b4 Nd4 17. Bxd4 exd4 18. Rbe1 b6 19. Qb2 c5 20. bxc5 dxc5 21. Qb5
Qe7 22. a4 Nf6 23. Nfd2 Nd7 24. Ra1 fxg3 25. hxg3 Bh6 26. Nf3 1/2-1/2

[Event "12sen.WM-H Naumburg"]
[Site "Naumburg/Saale(20.10.-03.11.)"]
[Date "2002.11.01"]
[Round "10"]
[White "Har_Zahav, Avraham"]
[Black "Hansen, Hans"]
[Result "1-0"]
[WhiteElo "2072"]
[BlackElo "1871"]
[PlyCount "77"]
[EventDate "2002.11.??"]

1. e4 c5 2. Nf3 Nc6 3. c3 d5 4. exd5 Qxd5 5. d4 Nf6 6. dxc5 Qxc5 7. Be2 g6 8.
O-O Bg7 9. Na3 O-O 10. Be3 Qa5 11. Qb3 Ng4 12. Bf4 e5 13. Bg3 e4 14. Nd2 Nd4
15. Qd1 Nxe2+ 16. Qxe2 Bf5 17. Nac4 Qa6 18. Rfe1 Rad8 19. h3 Nf6 20. Bh4 Rfe8
21. g4 Be6 22. Ne3 Qd6 23. Bxf6 Bxf6 24. Nxe4 Qe7 25. Nxf6+ Qxf6 26. Red1 Rxd1+
27. Rxd1 h5 28. Qb5 Re7 29. Qc5 hxg4 30. hxg4 b6 31. Rd8+ Kg7 32. Qd6 Qg5 33.
Qd4+ f6 34. Qd6 f5 35. Qe5+ Qf6 36. Qh2 Bg8 37. Rd6 Qg5 38. f4 Qh6 39. Nxf5+
1-0

[Event "12sen.WM-H Naumburg"]
[Site "Naumburg/Saale(20.10.-03.11.)"]
[Date "2002.11.01"]
[Round "10"]
[White "Hecht, Hans_Joachim"]
[Black "Gruzmann, Boris"]
[Result "1/2-1/2"]
[WhiteElo "2390"]
[BlackElo "2265"]
[PlyCount "72"]
[EventDate "2002.11.??"]

1. d4 Nf6 2. c4 g6 3. Nc3 Bg7 4. e4 d6 5. Nf3 O-O 6. Be2 Bg4 7. Be3 Nfd7 8. h4
e5 9. d5 a5 10. Ng5 Bxe2 11. Qxe2 h6 12. Nf3 Nf6 13. Nd2 Nbd7 14. g3 h5 15. f3
Qc8 16. O-O-O a4 17. Kb1 Nh7 18. g4 Ndf6 19. Rhg1 Re8 20. Rc1 Ra5 21. c5 dxc5
22. Nc4 Ra6 23. Bxc5 Bf8 24. Bxf8 Nxf8 25. g5 N6h7 26. Qh2 Nd7 27. f4 exf4 28.
Qxf4 Nc5 29. Rcf1 Qd7 30. e5 b5 31. e6 fxe6 32. Ne5 Qg7 33. Nxb5 Rb6 34. Nf7
Rxb5 35. Nh6+ Kh8 36. Nf7+ Kg8 1/2-1/2

[Event "12sen.WM-H Naumburg"]
[Site "Naumburg/Saale(20.10.-03.11.)"]
[Date "2002.11.01"]
[Round "10"]
[White "Heinemann, Klaus_Detlef"]
[Black "Axnich, Hellmuth"]
[Result "0-1"]
[WhiteElo "1458"]
[BlackElo "1364"]
[PlyCount "108"]
[EventDate "2002.11.??"]

1. e4 c5 2. Nf3 e6 3. d4 cxd4 4. Nxd4 Nf6 5. Nc3 Bb4 6. Bd3 e5 7. Nf5 Bf8 8.
O-O g6 9. Nh6 d6 10. Bc4 Bxh6 11. Bxh6 Ng4 12. Bg7 Rg8 13. h3 Rxg7 14. hxg4 Kf8
15. f4 Be6 16. Bxe6 fxe6 17. fxe5+ Rf7 18. Rxf7+ Kxf7 19. Qf3+ Kg7 20. exd6
Qxd6 21. Rf1 Qe7 22. g3 Nd7 23. Qe2 Rf8 24. Rxf8 Qxf8 25. Qb5 Qc5+ 26. Kg2 Qxb5
27. Nxb5 a6 28. Nd6 b5 29. Kf3 Kf6 30. Ne8+ Ke5 31. Nc7 Nc5 32. b4 Nxe4 33.
Nxa6 Nc3 34. a3 Kd4 35. Nc7 e5 36. Ne6+ Kd5 37. Nf8 Kd4 38. Ne6+ Kd5 39. Nf8
Nb1 40. Nxh7 Nxa3 41. g5 Nxc2 42. Nf8 Nxb4 43. Nxg6 Nc6 44. Ke3 b4 45. Kd3 e4+
46. Kc2 Ke6 47. Kb3 Kf5 48. Nf4 Kxg5 49. Ne2 Kg4 50. Kc4 Kf3 51. Nc1 Kxg3 52.
Kd5 e3 53. Kxc6 b3 54. Nxb3 e2 0-1

[Event "12sen.WM-H Naumburg"]
[Site "Naumburg/Saale(20.10.-03.11.)"]
[Date "2002.11.01"]
[Round "10"]
[White "Heyse, Juergen"]
[Black "Girod, Gudrun"]
[Result "1-0"]
[WhiteElo "1560"]
[BlackElo "1406"]
[PlyCount "45"]
[EventDate "2002.11.??"]

1. d4 d5 2. Nf3 Nf6 3. Nbd2 e6 4. e3 Nbd7 5. Bd3 Be7 6. O-O O-O 7. Re1 c5 8. c3
Bd6 9. e4 dxe4 10. Nxe4 Nxe4 11. Rxe4 Nf6 12. Rh4 b6 13. Bg5 g6 14. Be4 Rb8 15.
dxc5 Be7 16. Qxd8 Bxd8 17. cxb6 axb6 18. Bc6 Bb7 19. Bxb7 Rxb7 20. c4 Kg7 21.
Bh6+ Kg8 22. Bxf8 Kxf8 23. Rd4 1-0

[Event "12sen.WM-H Naumburg"]
[Site "Naumburg/Saale(20.10.-03.11.)"]
[Date "2002.11.01"]
[Round "10"]
[White "Hilburt, Leonid"]
[Black "Ristic, Sreten"]
[Result "0-1"]
[WhiteElo "2106"]
[BlackElo "1796"]
[PlyCount "68"]
[EventDate "2002.11.??"]

1. e4 c5 2. Nc3 e6 3. g3 d5 4. exd5 exd5 5. d4 Nc6 6. dxc5 d4 7. Qe2+ Be6 8.
Ne4 Bxc5 9. Bg2 Nge7 10. Nf3 Qb6 11. Nxc5 Qxc5 12. O-O Bc4 13. Qd1 Bxf1 14.
Bxf1 O-O 15. a3 a5 16. Bd3 Rad8 17. Ng5 h6 18. Ne4 Qe5 19. Bf4 Qe6 20. Qe2 Nd5
21. Bd2 b6 22. f4 Rfe8 23. Qf3 Nce7 24. Bb5 Nc6 25. Re1 Re7 26. f5 Qc8 27. f6
Ne5 28. Qd1 Re6 29. fxg7 Ne3 30. Bxe3 dxe3 31. Qe2 Kxg7 32. c3 f5 33. Qxe3 fxe4
34. Qxe4 Rf8 0-1

[Event "12sen.WM-H Naumburg"]
[Site "Naumburg/Saale(20.10.-03.11.)"]
[Date "2002.11.01"]
[Round "10"]
[White "Hobusch, Werner"]
[Black "Kahn, Peter"]
[Result "1-0"]
[WhiteElo "2160"]
[BlackElo "1939"]
[PlyCount "103"]
[EventDate "2002.11.??"]

1. e4 e5 2. Nf3 Nc6 3. Bb5 g6 4. O-O Bg7 5. Re1 a6 6. Ba4 d6 7. h3 Bd7 8. c3
Nf6 9. d4 O-O 10. Bg5 Qe8 11. Bc2 h6 12. Be3 b6 13. Nbd2 Kh8 14. Nf1 Ng8 15.
Ng3 f5 16. exf5 gxf5 17. Bf4 e4 18. Nh2 Qg6 19. Nh5 Rf7 20. Re3 Raf8 21. Rg3
Qh7 22. Qd2 Nce7 23. Bb3 Ng6 24. Bxf7 Rxf7 25. c4 N8e7 26. Nxg7 Nxf4 27. Qxf4
Rxg7 28. Rxg7 Qxg7 29. Qh4 Kh7 30. Nf1 Be8 31. Ne3 Bg6 32. Rd1 Nc6 33. Nd5 Bf7
34. Nf6+ Kg6 35. Nxe4 Kh7 36. b3 Qg6 37. Nc3 Nb4 38. Qf4 Be6 39. Qd2 a5 40. Ne2
Bd7 41. Nf4 Qg7 42. Re1 Nc6 43. d5 Ne5 44. Qe3 Bc8 45. Ne6 Qf7 46. f4 Ng6 47.
Kh2 Kg8 48. g3 Kh7 49. Qd4 Kg8 50. g4 Nh4 51. Kg3 Qe7 52. Qg7+ 1-0

[Event "12sen.WM-H Naumburg"]
[Site "Naumburg/Saale(20.10.-03.11.)"]
[Date "2002.11.01"]
[Round "10"]
[White "Jahr, Dieter"]
[Black "Schlag, Franz"]
[Result "0-1"]
[WhiteElo "2045"]
[BlackElo "2155"]
[PlyCount "150"]
[EventDate "2002.11.??"]

1. c4 Nf6 2. Nc3 d5 3. d4 Nc6 4. e3 a6 5. a3 dxc4 6. Bxc4 b5 7. Bd3 e5 8. Nge2
Bg4 9. h3 Be6 10. O-O Be7 11. b3 O-O 12. dxe5 Nxe5 13. Bc2 Bd6 14. Bb2 Qe7 15.
Nf4 Rad8 16. Qe2 Bd7 17. Nfd5 Nxd5 18. Nxd5 Qh4 19. f4 Ng6 20. Qf2 Qxf2+ 21.
Kxf2 f5 22. b4 c6 23. Nc3 Be6 24. Ne2 c5 25. bxc5 Bxc5 26. Bd4 Be7 27. Bd3 Rc8
28. Rfc1 Rxc1 29. Nxc1 Bc4 30. g4 Bh4+ 31. Ke2 Re8 32. Bxc4+ bxc4 33. Kf3 Ne7
34. Ne2 h6 35. Rc1 Rc8 36. Nc3 Bf6 37. Bxf6 gxf6 38. e4 fxe4+ 39. Kxe4 Kf7 40.
Na4 h5 41. Nb6 Rg8 42. Kf3 hxg4+ 43. hxg4 Rb8 44. Nxc4 Rb3+ 45. Ke4 a5 46. f5
a4 47. Kd4 Nc6+ 48. Kd5 Ne7+ 49. Ke4 Ke8 50. Rd1 Nc8 51. Rd5 Rg3 52. Ne3 Nb6
53. Rd6 Rxe3+ 54. Kf4 Rb3 55. Re6+ Kf7 56. g5 fxg5+ 57. Kxg5 Nd5 58. Ra6 Rg3+
59. Kh4 Rxa3 60. Ra5 Ne7 61. f6 Ra1 62. Kg5 Rg1+ 63. Kf4 Rf1+ 64. Ke3 Nf5+ 65.
Kd3 Rf4 66. Ra6 Rh4 67. Kc3 Ng3 68. Kb2 Ne2 69. Rc6 Rh3 70. Rc4 a3+ 71. Ka2
Kxf6 72. Rc2 Nd4 73. Rc4 Nb5 74. Rc6+ Ke7 75. Rc5 Rh2+ 0-1

[Event "12sen.WM-H Naumburg"]
[Site "Naumburg/Saale(20.10.-03.11.)"]
[Date "2002.11.01"]
[Round "10"]
[White "Joch, Horst"]
[Black "Fanenbruck, Guenter"]
[Result "1-0"]
[WhiteElo "1654"]
[BlackElo "1557"]
[PlyCount "37"]
[EventDate "2002.11.??"]

1. e4 d5 2. exd5 Nf6 3. c4 c6 4. dxc6 Nxc6 5. Nf3 e5 6. Nc3 Bb4 7. Qe2 O-O 8.
Ne4 Nd4 9. Nxf6+ Qxf6 10. Qd1 Bf5 11. Nxd4 exd4 12. Qb3 Rfe8+ 13. Kd1 Qg6 14.
a3 d3 15. axb4 Re1+ 16. Kxe1 Qe6+ 17. Kd1 Re8 18. Bxd3 Bxd3 19. Qxd3 1-0

[Event "12sen.WM-H Naumburg"]
[Site "Naumburg/Saale(20.10.-03.11.)"]
[Date "2002.11.01"]
[Round "10"]
[White "Just, Joachim"]
[Black "Achenbach, Manfred"]
[Result "0-1"]
[WhiteElo "2149"]
[BlackElo "2040"]
[PlyCount "108"]
[EventDate "2002.11.??"]

1. Nf3 Nf6 2. b3 d6 3. Bb2 e5 4. d3 Be7 5. Nbd2 c5 6. e4 Nc6 7. Be2 h6 8. Nc4
Nd4 9. c3 Nxe2 10. Qxe2 Be6 11. Ne3 O-O 12. h3 a5 13. g4 a4 14. b4 cxb4 15.
cxb4 d5 16. a3 dxe4 17. dxe4 Nxe4 18. O-O Rc8 19. Rfd1 Qb6 20. Bxe5 Nc3 21.
Bxc3 Rxc3 22. Nd4 Bg5 23. Qb2 Rfc8 24. Qe2 Bf6 25. Nxe6 Qxe6 26. Ra2 Bg5 27.
Nd5 Rc1 28. Ne7+ Bxe7 29. Rxc1 Rxc1+ 30. Kg2 Qc6+ 31. f3 Qb6 32. Qf2 Qxf2+ 33.
Kxf2 Rc3 34. Kg3 Bd6+ 35. Kf2 Bf4 36. Re2 Rxa3 37. Re8+ Kh7 38. Re7 b6 39. Rxf7
Ra2+ 40. Kf1 Rb2 41. Ra7 Rxb4 42. Kf2 Rd4 43. h4 b5 44. h5 Bc1 45. Ra5 Rd5 46.
f4 Bxf4 47. Kf3 Bd2 48. Ra6 Bb4 49. Ke4 Rg5 50. Kf4 a3 51. Kf3 Bf8 52. Ra8 Bc5
53. Ke4 Rxg4+ 54. Kd3 Ra4 0-1

[Event "12sen.WM-H Naumburg"]
[Site "Naumburg/Saale(20.10.-03.11.)"]
[Date "2002.11.01"]
[Round "10"]
[White "Kachar, Vladimir"]
[Black "Jugow, Alexander"]
[Result "1-0"]
[WhiteElo "2373"]
[BlackElo "2242"]
[PlyCount "89"]
[EventDate "2002.11.??"]

1. c4 e6 2. Nf3 d5 3. g3 Nf6 4. Bg2 Nbd7 5. O-O c6 6. Qc2 Bd6 7. d4 O-O 8. Nbd2
Qe7 9. Re1 b6 10. e4 dxe4 11. Ng5 Bb7 12. Ndxe4 Nxe4 13. Nxe4 Rad8 14. Bg5 f6
15. Nxd6 Qxd6 16. Bf4 e5 17. dxe5 Nxe5 18. Re2 Qc5 19. b3 Bc8 20. Be3 Qd6 21.
c5 Qc7 22. cxb6 axb6 23. Bf4 c5 24. Rae1 Rfe8 25. h3 Ba6 26. Re3 g6 27. g4 Rd4
28. Bg3 g5 29. Qf5 Rf8 30. Rxe5 fxe5 31. Qxg5+ Qg7 32. Qxg7+ Kxg7 33. Bxe5+ Kg6
34. Bxd4 cxd4 35. Re6+ Rf6 36. Be4+ Kg7 37. Rxf6 Kxf6 38. f4 h6 39. Kf2 Bb5 40.
a4 Bd7 41. Bd3 Kg7 42. Kg3 Bc6 43. f5 Kf6 44. Kf4 Bd7 45. h4 1-0

[Event "12sen.WM-H Naumburg"]
[Site "Naumburg/Saale(20.10.-03.11.)"]
[Date "2002.11.01"]
[Round "10"]
[White "Kaiser, Hans[35BGladb]"]
[Black "Kuhn, Arno[29Ludw]"]
[Result "1/2-1/2"]
[WhiteElo "1639"]
[BlackElo "1532"]
[PlyCount "45"]
[EventDate "2002.11.??"]

1. e4 c5 2. Nf3 Nc6 3. d4 cxd4 4. Nxd4 Nf6 5. Nxc6 bxc6 6. Nc3 g6 7. Bc4 d6 8.
O-O Qc7 9. Be3 Bg7 10. f3 O-O 11. Qe2 Rd8 12. Rfd1 Bd7 13. Rd3 Be8 14. Rad1 a5
15. Qf2 Qb7 16. Bb3 Rdc8 17. Na4 c5 18. c4 Bc6 19. e5 Ne8 20. f4 Be4 21. R3d2
Qc6 22. g4 Bf3 23. Rf1 1/2-1/2

[Event "12sen.WM-H Naumburg"]
[Site "Naumburg/Saale(20.10.-03.11.)"]
[Date "2002.11.01"]
[Round "10"]
[White "Kanko, Ilkka"]
[Black "Kosanski, Stanko"]
[Result "0-1"]
[WhiteElo "2265"]
[BlackElo "2386"]
[PlyCount "74"]
[EventDate "2002.11.??"]

1. d4 c5 2. d5 e5 3. c4 d6 4. Nc3 Be7 5. Nf3 Nf6 6. e4 O-O 7. Bd3 Ne8 8. h3 Na6
9. O-O g6 10. a3 Ng7 11. Rb1 f5 12. b4 f4 13. Na4 b6 14. bxc5 bxc5 15. Be2 g5
16. Nh2 Nc7 17. Bg4 Nce8 18. Bxc8 Qxc8 19. Nc3 Nf6 20. Qa4 Nd7 21. Bd2 h5 22.
f3 Ne8 23. Rb2 Nef6 24. Qc2 Rf7 25. Rfb1 Rg7 26. Qd3 Nb6 27. Be1 g4 28. fxg4
hxg4 29. hxg4 Nxg4 30. Nf1 Qe8 31. Nb5 Qh5 32. Nxa7 Nxc4 33. Rb8+ Rxb8 34.
Rxb8+ Bf8 35. Nc6 Nge3 36. g3 Rh7 37. Nxe3 Qh1+ 0-1